000 00627nam a2200253 a 4500
001 nice12345678
003 IN_TiNIC
005 20260116013837.0
008 050524s1985 newa grp 000 0 eng
020 _a
_c200
082 0 0 _a294.63
_bNAR
100 _aNara, Giani Ishar Singh
245 _aSafarnama and Zafarnama
260 _aNew Delhi
_bNara Publications
_c1985
300 _a328p
500 _aincludes index and biblioraphy
505 2 _aAppendix, Bibliography
650 _aSikhism
650 _aGurus, Sikh
700 1 _aNara, Giani Ishar Singh
902 _bSRS
942 _cBK
999 _c12778
_d12778